00594nam a2200157 a 450000100100000000500170001000800410002704000250006808200160009311000490010924500720015826000530023030000210028395201150030499900170041900003444520200930073713.0111004s1970 xxu r 000 0 spa d aDO-SdBNPbspacBNPHU axxxxbR425d1 aRepública Dominicanab[leyes, etc.]91108810aDominican customs tariff :b(in effect January 1, 1910) with index. aWashington :bGovernment Printing Office,c1970. a179 p. ;c23 cm. 0010507-18MOaGRbGRcOId2011-10-04iLF1l0oxxxx R425dp34445-10r2020-06-25w2020-06-25y1ZNo se presta c33936d33936